00000000nam##2200000za#4500
0019.587783
003CaOODSP
00520210624194812
007cr |||||||||||
008150406|2006||||xxc|||||o    f|0| 0 eng|d
022 |a1701-1280
040 |aCaOODSP|beng
041 |aeng
041 |afre
043 |an-cn---
0861 |aFs70-4/2006-012-PDF
1101 |aCanada. |bDepartment of Fisheries and Oceans.
24510|aProceedings of the Maritime Provinces Regional Advisory Process on the recovery potential assessment of winter skate in 4T and 4VW : |h[electronic resource]|b21-23 November 2005, Bedford Institute of Oceanography, Dartmouth, N.S. / |c[by] S.E. Campana.
260 |aDartmouth - Nova Scotia : |bFisheries and Oceans Canada |cJune 2006.
300 |a23p.
4901 |aCanadian Science Advisory Secretariat proceedings series|x1701-1280|v2006/012
590 |a11-31-Supp|b2011-12-13
7201 |aCampana, S.E.
792 |tCompte rendu de la réunion du Processus consultatif régional concernant l'évaluation du potentiel de rétablissement de la raie tachetée dans 4T et 4VW : |efre|w(CaOODSP)9.587784
830#0|aProceedings series (Canadian Science Advisory Secretariat)|x1701-1280|v2006/012|w(CaOODSP)9.500507
85640|ahttp://publications.gc.ca|qPDF|s148 KB|uhttps://publications.gc.ca/collections/collection_2011/mpo-dfo/Fs70-4-2006-012.pdf|y2006/012